Department Stores of The United Kingdom - Statistics

General Stats
  • This quiz has been taken 56 times
    19 since last reset
  • The average score is 6 of 21
Answer Stats
Number of Stores Type Answer % Correct
1 Luxury Harrods
93%
1060 Middle Marks & Spencer
86%
4 Luxury Selfridges
71%
35 Luxury John Lewis & Partners
64%
6 Luxury Harvey Nichols
57%
5 Luxury Fortnum & Mason
50%
34 Luxury House of Fraser
50%
1 Luxury Liberty
50%
9 Luxury Fenwick
21%
3 Middle Beales
7%
13 Discount T. J. Hughes
7%
1 Middle Atkinsons
0%
71 Discount Boyes
0%
4 Luxury Bradbeers
0%
3 Middle C J Townrow & Sons
0%
3 Luxury Daniel
0%
15 Middle Dunnes Stores
0%
4 Middle Hoopers
0%
20 Middle Menarys
0%
8 Middle Morleys Stores
0%
4 Discount Trago Mills
0%
No matching quizzes found
Score Distribution
Percent of People with Each Score
Percentile by Number Answered
Your Score History
You have not taken this quiz since the last reset